000 01000cam a2200241 i 4500
001 190480
003 ES-MaACL
005 20240111192026.0
008 210406s2010 sp 001 0 spa
020 _a978-84-614-0703-3
080 _a821.134.2 Gómez de la Serna, Ramón 1.07
100 1 _aZlotescu, Ioana.
_9118312
245 1 0 _aTres "prólogos" y siete "preámbulos" en torno a Ramón Gómez de la Serna:
_bestudios contenidos en las "Obras completas de Ramón Gómez de la Serna" /
_cIoana Zlotescu.
260 _aMadrid :
_bAlbert,
_c2010.
300 _a208 p. :
_b1 retr. ;
_c21 cm.
490 1 _aBiblioteca de Ramón ;
_v6
599 _aRetr.: fot. de R. Gómez de la Serna (antes de port.)
600 1 4 _aGómez de la Serna, Ramón,
_d1888-1963-
_xCrítica e interpretación
_957903
830 1 _aBiblioteca de Ramón ;
_v6
_9193493
852 4 _aES-MaACL
_jA-14684
_9197657
_bR.152246
_cDEPO1
_dOlim: N-7684
_hDonación: Editorial
942 _2udc
_cMONOGRAFIA
999 _c190480
_d190480